Estrategia y práctica profesional procesal de familia.

Gespeichert in:
Bibliographische Detailangaben
Weitere Verfasser: Espinoza Quezada, Renzo (HerausgeberIn)
Format: Unbekannt
Sprache:Englisch
Veröffentlicht: Santiago, Chile: Thomson Reuters, 2024.
Ausgabe:4ª edición revisada, actualizada y ampliada.
Schlagworte:
Tags: Tag hinzufügen
Keine Tags, Fügen Sie den ersten Tag hinzu!

MARC

LEADER 00000 a2200000 4500
003 CL-VaPUC
005 20240821155602.0
008 240813t2024 ||||| |||| 00| 0 eng d
999 |c 444450  |d 444448 
020 |a 978-956-400-540-9 
040 |c Pontificia Universidad Católica de Valparaíso 
082 |2 22  |a 346.83015 ESP 2024 
100 |a Espinoza Quezada, Renzo  |9 890661  |e editor 
245 |a Estrategia y práctica profesional procesal de familia. 
250 |a 4ª edición revisada, actualizada y ampliada. 
260 |a Santiago, Chile:  |b Thomson Reuters,   |c 2024. 
300 |a XVI, 924 páginas.  
583 |k Yessy Díaz V.  |c 20240813 
650 0 |9 890666  |a Derecho procesal de familia   |x Relaciones matrimoniales y filiación  |x Jurisprudencia  
650 0 |9 255603  |a Derecho de familia  |x Tribunales Superiores de Justicia   |z Chile  
942 |2 ddc  |c BK 
952 |0 0  |1 0  |2 ddc  |4 0  |6 346_830150000000000_ESP_2024  |7 0  |8 A  |9 596268  |a BIBDER  |b BIBDER  |d 2024-08-13  |e 31  |g 0.00  |i 5662364  |l 2  |o 346.83015 ESP 2024  |p 5662364  |r 2025-04-10  |s 2025-04-10  |t 1  |v 0.00  |w 2024-08-13  |y BK  |k DER